| 000 | 02181nam a22002777a 4500 | ||
|---|---|---|---|
| 003 | Uzh_bibl | ||
| 008 | 240829b |||||||| |||| 00| 0 ukr d | ||
| 020 |
_a978-966-1615-43-3 _c54.61 |
||
| 040 | _bукр. | ||
| 041 |
_2ukr _aukr |
||
| 080 | _a821.161.2 | ||
| 090 |
_a821.161.2 _bЦ 18 |
||
| 100 | _a- | ||
| 245 |
_aЦар Соловей. _bЛітературні казки українських письменників. _cУпоряд. П. Ф.Бондарчук; _hТекст |
||
| 260 |
_aДонецьк _bДержавне видавництво "Донбас" _c2011 |
||
| 300 |
_a384 с. _bІл. _fВ опр. |
||
| 490 | _vТом 1 | ||
| 520 | _aДо збірки ввійшли кращі літературні казки (у віршах і прозові) українських письменників минулих часів, серед яких: Петро Гулак-Артемовський, ЛеонідГлібов, Марко Вовчок Степан Руданський, Іван Нечуй-Левицький, Панас Мирний, Іван Франко, Леся Українка та іншікласики української літратури. Твори навчать дітей любові до рідного краю, рідної мови, добру та справедливості. | ||
| 521 | _aДля дітей середнього та старшого шкільного віку. | ||
| 546 | _aукр. | ||
| 650 | _aЛітературно-художнє видання | ||
| 653 |
_aГулак-Артемовський П. _aЛ. Глібов _aС. Руданський _aЮ. Федькович _aІ.Нечуй-Левицький _aП. Мирний _aЛ. Українка _aМ. Черемшина _aС. Васильченко |
||
| 655 |
_aЗбірка _vКазки |
||
| 700 | _aПетро Гулак-Артемовський; ЛеонідГлібов; Марко Вовчок; Степан Руданський; Іван Нечуй-Левицький; Панас Мирний; Іван Франко; Леся Українка; Марко Черемшина; Степан Васильченко. | ||
| 942 |
_2udc _cBK |
||
| 999 |
_c17527 _d17527 |
||